Statistiques concernant Culture Générale - Série 1044

Cliquez ici pour prendre le quiz!

Statistiques générales

  • Ce quiz a été pris 105 fois
  • Le résultat moyen est 7 sur 10

Statistiques - réponses

QuestionRéponse% Correct
Au Moyen Âge, quel animal était le destrier ?cheval
95%
Quel terme anglais, signifiant "refaire", désigne une nouvelle version d'un film à succès plus ancien ?remake
92%
De quel mot "mégalo" est-il l'abréviation familière ?mégalomane
89%
Au Québec, que désigne le mot "menterie" ?mensonge
82%
De quel roman d'Alexandre Dumas est tirée la citation : “Tous pour un, un pour tous" ?Les Trois Mousquetaires
81%
Quel est le titre de noblesse de Charlotte de Turckheim ?baronne
62%
Quel homme politique français a dit en 2008 : "J'ai essayé de bouger l'Europe, mais l'Europe m'a changé" ?Nicolas Sarkozy
55%
Dans quelle ville des États-Unis se déroule l'action principale de la série "Dexter" ?Miami
46%
Quel pilote de Formule 1 est cinq fois champion du monde au cours des années 1950 ?Juan Manuel Fangio
44%
Quelle artiste française est l'interprète de la chanson "Vancouver", en 1976 ?Véronique Sanson
44%

Distribution des résultats

Percentile par nombre de réponses

% des personnes avec chaque résultat

Votre développement - résultats

Vous n’avez pas pris ce quiz